Die Preußische Berg-, Hütten- und Salinenverwaltung 1763 bis 1865
| Titel: | Die Preußische Berg-, Hütten- und Salinenverwaltung 1763 bis 1865 : ein Inventarisierungsprojekt im Geheimen Staatsarchiv |
|---|---|
| Verfasser: | |
| In: |
Stiftung Preußischer Kulturbesitz: Jahrbuch Preußischer Kulturbesitz ..., Band 39 (2002) alle Artikel anzeigen |
| Veröffentlicht: | 2002 |
| Format: | Aufsatz |
X
alg: 44191894 001A $03036:30-01-19 001B $01999:30-01-19 $t23:07:19.000 001D $03036:30-01-19 001U $0utf8 001X $00 002@ $0Aox 003@ $0441918948 007A $0441918948 $aHEB 007T $0ArchMa08006 011@ $a2002 021A $aDie @Preußische Berg-, Hütten- und Salinenverwaltung 1763 bis 1865 $dein Inventarisierungsprojekt im Geheimen Staatsarchiv 028A $aBrockfeld $dSusanne 031A $d39 $j2002 039B $aIn $8--Abvc--Stiftung Preußischer Kulturbesitz [Tb1]. Jahrbuch Preußischer Kulturbesitz .... - Berlin : Mann, 1963-[2016]. - ISSN 0342-0124 $x200200000390000999 $9046848940 045T $a24 lok: 44191894 105 exp: 44191894 105 1 #EPN 201B/01 $030-01-19 $t13:36:29.000 201C/01 $030-01-19 201U/01 $0utf8 203@/01 $01042275157 208@/01 $a13-12-18 $be 209A/01 $a/ $f106 $x00 244Z/01 $aBerlin $x01 245Z/01 $a3.08.02. $bArchivwesen des Bundes- und der deutschen Bundesländer / Berlin / Archive und Archivbestände $x01 247C/01 $8->Marburg, Bibliographie zum Archivwesen der Archivschule Marburg $939588196X
| LEADER | 00000caa a22000002c 4500 | ||
|---|---|---|---|
| 001 | 441918948 | ||
| 003 | DE-603 | ||
| 005 | 20190130230719.0 | ||
| 007 | tu | ||
| 008 | 190130s2002 xx |||| | u00||u|und c | ||
| 035 | |a (DE-599)HEB441918948 | ||
| 040 | |a DE-603 |b ger |c DE-603 |d DE-603 | ||
| 084 | |a 24 |2 ssgn | ||
| 100 | 1 | |a Brockfeld, Susanne | |
| 245 | 0 | 0 | |a Die Preußische Berg-, Hütten- und Salinenverwaltung 1763 bis 1865 |b ein Inventarisierungsprojekt im Geheimen Staatsarchiv |
| 264 | 0 | |c 2002 | |
| 773 | 0 | 8 | |i In |a Stiftung Preußischer Kulturbesitz |t Jahrbuch Preußischer Kulturbesitz ... |d Berlin : Mann, 1963-[2016] |h 24 cm |x 0342-0124 |g Band 39 (2002) |w (DE-603)046848940 |w (DE-600)3758-8 |
| 924 | 0 | |9 - |a (DE-603)1042275157 |b DE- |c HES |d d |g / | |